00898nam a22001937a 450000500170000000800410001702000180005804000070007604100080008308200220009110000160011324500240012926000230015330000250017636500680020152004110026965000100068070000140069020220413104236.0220309b ||||| |||| 00| 0 eng d a9781847870308 cAL aeng 223a070.175bHOLM aTim Holmes  aMagazine Journalism aLondonbSagec2012 a193p.bPBc23.5x15cm 2GeneralaVBI-1347b₹2518.73c₹d₹3358.30e25%f21/02/2022 aAt a time when magazines are undergoing active redefinition, this book represents a welcome intervention. It engages with a host of pressing issues in a manner alert to professional priorities while, at the same time, encouraging new ways of thinking about the challenges shaping this fast-moving field. Holmes and Nice are trustworthy guides, taking the reader on what proves to be a fascinating journey." aMedia aNice, Liz